Overcoming rheumatism and arthritis / (Record no. 132235)

MARC details
000 -LEADER
fixed length control field 00684nam a22002177a 4500
005 - DATE AND TIME OF LATEST TRANSACTION
control field 20170124110151.0
010 ## - LIBRARY OF CONGRESS CONTROL NUMBER
LC control number A-707202
020 ## - INTERNATIONAL STANDARD BOOK NUMBER
Terms of availability 00.00
International Standard Book Number 8121603501
035 ## - SYSTEM CONTROL NUMBER
System control number A-707202
037 ## - SOURCE OF ACQUISITION
Source of stock number/acquisition Cen Lib/Ret
040 ## - CATALOGING SOURCE
Original cataloging agency DPL
Language of cataloging EN
082 ## - DEWEY DECIMAL CLASSIFICATION NUMBER
Classification number 616.72
Item number SPE
100 ## - MAIN ENTRY--PERSONAL NAME
Personal name Speight, Phyllis
9 (RLIN) 34099
245 ## - TITLE STATEMENT
Title Overcoming rheumatism and arthritis /
Statement of responsibility, etc by Phyllis Speight
260 ## - PUBLICATION, DISTRIBUTION, ETC. (IMPRINT)
Place of publication, distribution, etc New Delhi
Name of publisher, distributor, etc Lotus Books
Date of publication, distribution, etc 1994
270 ## - ADDRESS
Address 18-10, Dilshad Garden, G. T. Road
City New Delhi
Postal code 110095
300 ## - PHYSICAL DESCRIPTION
Extent 88p.
Dimensions 20cm(Hb)
650 ## - SUBJECT ADDED ENTRY--TOPICAL TERM
Topical term or geographic name as entry element Rheumatism -- Homeopathic treatment
9 (RLIN) 34100
650 ## - SUBJECT ADDED ENTRY--TOPICAL TERM
Topical term or geographic name as entry element Arthritis -- Homeopathic treatment
9 (RLIN) 34101
942 ## - ADDED ENTRY ELEMENTS (KOHA)
Source of classification or shelving scheme Dewey Decimal Classification
Koha item type English Books
Classification part 616.72
Call number suffix SPE
Holdings
Withdrawn status Lost status Damaged status Not for loan Home library Current library Date acquired Source of acquisition Cost, normal purchase price Total Checkouts Full call number Barcode Date last seen Copy number Cost, replacement price Price effective from Koha item type Public note
Written off       Central Library Central Library 21/07/2015 Cen Lib/Ret 0.00   616.72 SPE A-707202 21/07/2015 1 0.00 21/07/2015 English Books Written off on approval by DLB (By Circulation); dtd 15-06-2023

© Delhi Public Library
Hit Counter
free hit counter